Ley general de libre acceso a la información pública, no. 200-04. Decreto No. 130-05 que aprueba el Reglamento de la Ley general de libre acceso a la Información pública. (Record no. 62962)
[ view plain ]
| 000 -LEADER | |
|---|---|
| campo de control de longitud fija | 01030cam a2200277 a 4500 |
| 001 - NÚMERO DE CONTROL | |
| campo de control | 76220 |
| 005 - FECHA Y HORA DE LA ÚLTIMA TRANSACCIÓN | |
| campo de control | 20230410123519.0 |
| 008 - DATOS DE LONGITUD FIJA--INFORMACIÓN GENERAL | |
| campo de control de longitud fija | 080117s2005 dr l 000 0 eng |
| 010 ## - NÚMERO DE CONTROL DE LA BIBLIOTECA DEL CONGRESO | |
| Número de control de LC | 2008350580 |
| 035 ## - NÚMERO DE CONTROL DEL SISTEMA | |
| Número de control de sistema | (OCoLC)ocn214936091 |
| 040 ## - FUENTE DE CATALOGACIÓN | |
| Centro catalogador/agencia de origen | DLC |
| Centro/agencia transcriptor | DLC |
| Centro/agencia modificador | BTCTA |
| 035 ## - NÚMERO DE CONTROL DEL SISTEMA | |
| Número de control de sistema | (OCoLC)214936091 |
| 043 ## - CÓDIGO DE ÁREA GEOGRÁFICA | |
| Código de área geográfica | nwdr--- |
| 050 14 - SIGNATURA TOPOGRÁFICA DE LA BIBLIOTECA DEL CONGRESO | |
| Número de clasificación | KGQ 3367 |
| Número de ítem | R426l 2005 |
| 110 1# - ENTRADA PRINCIPAL--NOMBRE DE ENTIDAD CORPORATIVA | |
| Nombre de entidad corporativa o nombre de jurisdicción como elemento de entrada | República Dominicana |
| 245 10 - MENCIÓN DEL TÍTULO | |
| Título | Ley general de libre acceso a la información pública, no. 200-04. Decreto No. 130-05 que aprueba el Reglamento de la Ley general de libre acceso a la Información pública. |
| 260 ## - PUBLICACIÓN, DISTRIBUCIÓN, ETC. | |
| Lugar de publicación, distribución, etc. | Santo Domingo, República Dominicana : |
| Nombre del editor, distribuidor, etc. | FINJUS |
| Fecha de publicación, distribución, etc. | 2005 |
| 300 ## - DESCRIPCIÓN FÍSICA | |
| Extensión | 81 p. ; |
| Dimensiones | 20 cm. |
| 650 #0 - PUNTO DE ACCESO ADICIONAL DE MATERIA--TÉRMINO DE MATERIA | |
| Término de materia o nombre geográfico como elemento de entrada | Freedom of information |
| Subdivisión geográfica | Dominican Republic. |
| 650 #0 - PUNTO DE ACCESO ADICIONAL DE MATERIA--TÉRMINO DE MATERIA | |
| Término de materia o nombre geográfico como elemento de entrada | Government information |
| Subdivisión geográfica | Dominican Republic. |
| 710 12 - ENTRADA AGREGADA--NOMBRE DE ENTIDAD CORPORATIVA | |
| Nombre de entidad corporativa o nombre de jurisdicción como elemento de entrada | Dominican Republic. |
| Título de la obra | Reglamento de la Ley general de libre acceso a la información pública. |
| 938 ## - | |
| -- | Baker and Taylor |
| -- | BTCP |
| -- | 2008350580 |
| 942 ## - ELEMENTOS DE ENTRADA SECUNDARIOS (KOHA) | |
| Fuente del sistema de clasificación o colocación | Clasificación de Library of Congress |
| Tipo de ítem Koha | |
| 946 ## - PROCESAMIENTO DE INFORMACIÓN LOCAL (OCLC) | |
| a | ccruz |
| 994 ## - | |
| -- | C0 |
| -- | DRFGD |
| Estatus retirado | Estado de pérdida | Fuente del sistema de clasificación o colocación | Estado de daño | No para préstamo | Colección | Biblioteca de origen | Biblioteca actual | Ubicación en estantería | Fecha de adquisición | Serial enumeration / chronology | Signatura topográfica completa | Código de barras | Visto por última vez | Copia número | Tipo de ítem Koha |
|---|---|---|---|---|---|---|---|---|---|---|---|---|---|---|---|
| Clasificación de Library of Congress | Ciencias Sociales | Biblioteca Juan Bosch | Biblioteca Juan Bosch | Ciencias Sociales (3er. Piso) | 10/04/2023 | 1 | KGQ 3367 R426l 2005 | 00000066214 | 24/10/2018 | 1 |
